[Event "Madrid-ch 2018-2019 - Previa B"]
[Site "Madrid ESP"]
[Date "2019.02.23"]
[Round "9.9"]
[White "Moratalla Garcia, Joaquin"]
[Black "Rojas Fernandez, Antonio"]
[Result "1/2-1/2"]
[WhiteElo "1603"]
[BlackElo "1316"]
[PlyCount "42"]
[EventDate "2019.02.01"]
[EventType "swiss"]
[EventRounds "9"]
[EventCountry "ESP"]
[SourceTitle "Ajedrez en Madrid"]
[Source "lmi"]
[SourceDate "2019.02.01"]
[SourceVersion "1"]
[SourceVersionDate "2019.02.26"]
[SourceQuality "1"]

1. d4 d5 2. Nf3 Nf6 3. c4 c5 4. Nc3 e6 5. Bg5 Be7 6. e3 O-O 7. Bd3 Nbd7 8. O-O
h6 9. Bh4 b6 10. cxd5 exd5 11. Rc1 Bb7 12. Re1 Ne4 13. Bxe7 Qxe7 14. Bb5 Nxc3
15. Rxc3 cxd4 16. Nxd4 Nc5 17. Qe2 Rac8 18. Rec1 a6 19. Bd3 Nxd3 20. Qxd3 Rxc3
21. Rxc3 Rc8 1/2-1/2